00618 2200217 4500001002100000005001500021035002000036245010900056100001300165250000600178300003300184700002500217260003100242082001100273084001700284020001800301650003000319990001700349990001700366990001700383INLIS00000000000038820181012031803 a0010-10180000781 aNabi Muhammad SAW Rasul Kesayangan Kita 7 :bLebah-Lebah Ta'if /cTim Soka; Editor, Eko Marsudiono, S.Pd0 aTim Soka a- a24 hlm. :bilus. ;c27,5 cm.0 aEko Marsudiono, S.Pd aBogor :bYudhistira,c2004 a297.09 a297.09 TIM n a979-746-005-3 aSejarah Nabi Muhammad SAW a01501/P/2018 a01502/P/2018 a01503/P/2018